| 000 | 00615nam a2200193 a 4500 | ||
|---|---|---|---|
| 005 | 20210219160210.0 | ||
| 008 | 080924s1990 mx r 000 0 spa d | ||
| 035 | _aUPN01000160752 | ||
| 049 | _aUNE | ||
| 080 | _a37.014. 22 (7/8) =40 SOL. | ||
| 100 | 1 | _aSoler Roca, Miguel | |
| 245 | 1 | 3 |
_aL' Alphabétisation en Amérique Latine : _bprogrès, problèmes et perspectives / _cMiguelSoler Roca. |
| 260 |
_aGenéve : _bOIE, _c1990. |
||
| 300 | _a16 p. | ||
| 440 | 0 | _aAlphabétiser? parlons-en! | |
| 690 | _aAlfabetizacion- America latina | ||
| 740 | 0 | _aAño Internacional de la Alfabetización | |
| 905 | _aUNESCO | ||
| 999 |
_c132865 _d132865 |
||